000 00291nam a22001337a 4500
008 170413b xxu||||| |||| 00| 0 eng d
020 _a9780323031288
041 _aeng
080 _26TH
_a612.39
100 _a10
101 _aSHM
245 _aHEALTH PROMOTION
_cEDELMAN
942 _2udc
_cBK
999 _c10708
_d10708